[Event "5th Oakham Young Masters"]
[Site "Oakham ENG"]
[Date "1992.03.28"]
[Round "5"]
[White "Borriss, Martin"]
[Black "Turner, Matthew"]
[Result "1/2-1/2"]
[WhiteElo "2395"]
[BlackElo "2250"]
[EventDate "1992.03.24"]
[PlyCount "48"]
[Source "John Saunders"]

1.e4 c5 2.Nf3 Nc6 3.d4 cxd4 4.Nxd4 g6 5.c4 Bg7 6.Be3 Nf6 7.Nc3 d6 8.Be2 
Bd7 9.O-O O-O 10.f4 Nxd4 11.Bxd4 Bc6 12.f5 Qa5 13.Bd3 Nd7 14.Bxg7 Kxg7 15.
Nd5 Bxd5 16.exd5 Qb6+ 17.Rf2 Ne5 18.b3 Qe3 19.Bc2 Rac8 20.Qe1 Qxe1+ 21.
Rxe1 Rc5 22.a4 a6 23.Ra1 b6 24.Rd2 Rfc8 1/2-1/2

[Event "5th Oakham Young Masters"]
[Site "Oakham ENG"]
[Date "1992.03.28"]
[Round "5"]
[White "Kogan, Artur"]
[Black "Relange, Eloi"]
[Result "1-0"]
[WhiteElo "2370"]
[BlackElo "2275"]
[EventDate "1992.03.24"]
[PlyCount "97"]
[Source "John Saunders"]

1.e4 c5 2.Nf3 Nc6 3.d4 cxd4 4.Nxd4 Nf6 5.Nc3 e5 6.Ndb5 d6 7.Bg5 a6 8.Na3 
b5 9.Bxf6 gxf6 10.Nd5 Bg7 11.c3 O-O 12.Qh5 Be6 13.Bd3 f5 14.exf5 Bxd5 15.
f6 e4 16.fxg7 Re8 17.Be2 Ne5 18.O-O Ra7 19.Nc2 Qf6 20.Ne3 Be6 21.Rad1 Qg6 
22.Rxd6 Qxh5 23.Bxh5 Nc4 24.Nxc4 Bxc4 25.Re1 Bxa2 26.Bg4 Re5 27.f4 Rd5 28.
Rxd5 Bxd5 29.Kf2 Bc4 30.Rxe4 Kxg7 31.Be2 Bxe2 32.Kxe2 Kg6 33.Re5 Rd7 34.g4
f6 35.Re6 a5 36.g5 Rf7 37.Kf3 Kg7 38.Rxf6 Rxf6 39.gxf6+ Kxf6 40.Ke4 Ke6 
41.f5+ Kf6 42.Kf4 b4 43.cxb4 axb4 44.b3 Kf7 45.Ke5 Ke7 46.f6+ Kf7 47.Kf5 
Kf8 48.Ke6 Ke8 49.f7+ 1-0

[Event "5th Oakham Young Masters"]
[Site "Oakham ENG"]
[Date "1992.03.28"]
[Round "5"]
[White "Kumaran, Dharshan"]
[Black "Topakian, Raffi"]
[Result "1/2-1/2"]
[WhiteElo "2375"]
[BlackElo "2255"]
[EventDate "1992.03.24"]
[PlyCount "44"]
[Source "John Saunders"]

1.d4 Nf6 2.c4 g6 3.Nc3 d5 4.Nf3 Bg7 5.Bg5 Ne4 6.cxd5 Nxg5 7.Nxg5 c6 8.Qb3 
O-O 9.Nf3 cxd5 10.e3 e6 11.Be2 Nc6 12.O-O Qe7 13.Rac1 Bd7 14.a3 Rfc8 15.
Qa2 a6 16.b4 b5 17.Qb3 a5 18.Bxb5 axb4 19.axb4 Rab8 20.Bxc6 Rxc6 21.Rb1 
Rcb6 22.b5 Qe8 1/2-1/2

[Event "5th Oakham Young Masters"]
[Site "Oakham ENG"]
[Date "1992.03.28"]
[Round "5"]
[White "Martinidesz, Denes"]
[Black "Waitzkin, Joshua"]
[Result "1/2-1/2"]
[WhiteElo "2215"]
[BlackElo "2290"]
[EventDate "1992.03.24"]
[PlyCount "92"]
[Source "John Saunders"]

1.e4 c5 2.Nf3 Nc6 3.d4 cxd4 4.Nxd4 Nf6 5.Nc3 d6 6.Bc4 Qb6 7.Nde2 e6 8.O-O 
Be7 9.Be3 Qc7 10.Ng3 h5 11.f3 a6 12.a4 b6 13.Qe2 h4 14.Nh1 Bb7 15.Nf2 Nb4 
16.Rad1 d5 17.exd5 exd5 18.Bb3 Kf8 19.Nd3 Nxd3 20.Rxd3 Rd8 21.Rfd1 Bd6 22.
f4 Bxf4 23.Bxf4 Qxf4 24.Bxd5 Re8 25.Qd2 Nxd5 26.Nxd5 Qd6 27.Qf2 Rh6 28.c4 
Qc5 29.Qxc5+ bxc5 30.Rb3 Bc6 31.Rb6 Bxa4 32.Rxh6 gxh6 33.Ra1 Bb3 34.Nc7 
Rc8 35.Nxa6 Bxc4 36.Ra3 Ke8 37.Kf2 Kd7 38.Ra5 Kd6 39.b4 Ra8 40.Nxc5 Rxa5 
41.Nb7+ Kc7 42.Nxa5 Bd5 43.b5 Kb6 44.Nc6 Kxb5 45.Nd4+ Kc4 46.Nf5 Kd3 
1/2-1/2

[Event "5th Oakham Young Masters"]
[Site "Oakham ENG"]
[Date "1992.03.28"]
[Round "5"]
[White "Beckett, Roger"]
[Black "Piper, Matthew"]
[Result "0-1"]
[WhiteElo "2205"]
[BlackElo "2275"]
[EventDate "1992.03.24"]
[PlyCount "80"]
[Source "John Saunders"]

1.e4 e5 2.Nc3 Nf6 3.f4 d5 4.fxe5 Nxe4 5.d3 Nxc3 6.bxc3 Be7 7.Nf3 O-O 8.d4 
Bf5 9.Bd3 Bxd3 10.cxd3 c5 11.dxc5 Bxc5 12.d4 Be7 13.O-O Nd7 14.Rb1 Nb6 15.
Qd3 Rc8 16.Bf4 Rc6 17.Nd2 Bg5 18.Rf3 Bxf4 19.Rxf4 Qc7 20.Rh4 h6 21.Rh3 Rc8
22.Rc1 Na4 23.Nb1 Qb6 24.Qd2 Qb2 25.Qxb2 Nxb2 26.Rc2 Na4 27.Kf1 Rc4 28.Rd3
b5 29.Nd2 Rxc3 30.Rdxc3 Rxc3 31.Rxc3 Nxc3 32.a3 Kf8 33.Ke1 Ke7 34.g4 f6 
35.exf6+ Kxf6 36.h4 h5 37.gxh5 Kf5 38.Nf1 Ke4 39.Ng3+ Kxd4 40.Nf1 Nb1 0-1

[Event "5th Oakham Young Masters"]
[Site "Oakham ENG"]
[Date "1992.03.28"]
[Round "5"]
[White "Le Quang Kim"]
[Black "Ong Chong Ghee"]
[Result "0-1"]
[WhiteElo "2250"]
[BlackElo "2205"]
[EventDate "1992.03.24"]
[PlyCount "86"]
[Source "John Saunders"]

1.e4 c5 2.Nf3 Nc6 3.d4 cxd4 4.Nxd4 g6 5.c4 Bg7 6.Be3 Nf6 7.Nc3 d6 8.Be2 
O-O 9.O-O Bd7 10.Qd2 Nxd4 11.Bxd4 Bc6 12.f3 a5 13.b3 Nd7 14.Be3 Nc5 15.
Rac1 Qb6 16.Rb1 Rfc8 17.Rfc1 Qd8 18.Bd1 Qf8 19.a3 Nd7 20.b4 Ne5 21.Be2 
axb4 22.axb4 h5 23.h3 Ra3 24.b5 Bd7 25.Nd5 Be6 26.Nb6 Rc7 27.Rc2 f5 28.Qc1
Rxe3 29.Qxe3 f4 30.Qd2 g5 31.Ra2 Qf7 32.Ra8+ Kh7 33.Nd5 Rc5 34.Rc1 Bh6 35.
Qa5 Bxd5 36.exd5 g4 37.hxg4 hxg4 38.Qd8 Qg7 39.fxg4 f3 40.Bd1 f2+ 41.Kf1 
Bxc1 42.Bc2+ Kh6 43.Qe8 Nxg4 0-1

[Event "5th Oakham Young Masters"]
[Site "Oakham ENG"]
[Date "1992.03.29"]
[Round "6"]
[White "Akopian, Vladimir"]
[Black "Degraeve, Jean-Marc"]
[Result "1-0"]
[WhiteElo "2605"]
[BlackElo "2470"]
[EventDate "1992.03.24"]
[PlyCount "57"]
[Source "John Saunders"]

1.d4 Nf6 2.c4 g6 3.g3 Bg7 4.Bg2 O-O 5.Nc3 c5 6.Nf3 d6 7.O-O Nc6 8.d5 Na5 
9.Nd2 Rb8 10.Qc2 Bd7 11.b3 b5 12.cxb5 Bxb5 13.Nxb5 Rxb5 14.Bb2 Qc7 15.Rab1
Rfb8 16.Rfc1 Qd8 17.e3 R5b7 18.Bc3 Ne8 19.a3 Bxc3 20.Qxc3 Rd7 21.Bh3 Rdb7 
22.b4 cxb4 23.axb4 Rc7 24.Qa3 Nb7 25.Rc6 Ra8 26.Qa6 Qb8 27.Rbc1 Kg7 28.
Rxc7 Nxc7 29.Qc4 1-0

[Event "5th Oakham Young Masters"]
[Site "Oakham ENG"]
[Date "1992.03.29"]
[Round "6"]
[White "Gdanski, Jacek"]
[Black "Adams, Michael"]
[Result "1-0"]
[WhiteElo "2435"]
[BlackElo "2620"]
[EventDate "1992.03.24"]
[PlyCount "105"]
[Source "John Saunders"]

1.e4 e5 2.Nf3 Nc6 3.Bb5 a6 4.Ba4 Nf6 5.O-O Be7 6.Re1 b5 7.Bb3 O-O 8.a4 Bb7
9.d3 d6 10.Nc3 Na5 11.Ba2 b4 12.Ne2 c5 13.c3 Rb8 14.Ng3 Bc8 15.Bd2 b3 16.
Bb1 Qc7 17.Nf5 Bxf5 18.exf5 Rfe8 19.c4 Rb7 20.Bc3 Reb8 21.Nd2 Nd7 22.Ra3 
Bg5 23.Ne4 Be7 24.Nd2 g6 25.fxg6 hxg6 26.Re3 Bg5 27.Rh3 Nc6 28.Rxb3 Rxb3 
29.Nxb3 Nf8 30.Nd2 Ne6 31.Ne4 Be7 32.Qd2 g5 33.Rg3 f5 34.Nxg5 Bxg5 35.
Rxg5+ Nxg5 36.Qxg5+ Qg7 37.Qxf5 Nd4 38.Qe4 Qh6 39.g3 Kg7 40.Kg2 Qg6 41.Qe1
Qf7 42.Qe4 Qb7 43.Kf1 Qd7 44.Kg2 Qxa4 45.Bxd4 cxd4 46.c5 Qd7 47.Ba2 Rxb2 
48.Bc4 a5 49.c6 Qc8 50.Qf3 Qc7 51.Qg4+ Kf6 52.Qh4+ Kg6 53.Bd5 1-0

[Event "5th Oakham Young Masters"]
[Site "Oakham ENG"]
[Date "1992.03.29"]
[Round "6"]
[White "Hennigan, Michael"]
[Black "Rublevsky, Sergei"]
[Result "1/2-1/2"]
[WhiteElo "2375"]
[BlackElo "2505"]
[EventDate "1992.03.24"]
[PlyCount "113"]
[Source "John Saunders"]

1.e4 c5 2.Nf3 e6 3.d4 cxd4 4.Nxd4 Nc6 5.Nxc6 bxc6 6.Bd3 d5 7.O-O Nf6 8.Nd2
Qc7 9.f4 Be7 10.Qe2 O-O 11.Kh1 c5 12.e5 c4 13.Bxc4 dxc4 14.exf6 Bxf6 15.
Ne4 Bd4 16.Rd1 Bb6 17.b3 Bb7 18.Ba3 Qxf4 19.Bxf8 Qxe4 20.Qxe4 Bxe4 21.Be7 
Bxc2 22.bxc4 Bxd1 23.Rxd1 Re8 24.Rd7 Rc8 25.c5 f6 26.g3 Bxc5 27.Bxc5 Rxc5 
28.Rxa7 Rc2 29.a4 Ra2 30.a5 h5 31.a6 Kh7 32.h3 Kg6 33.Kg1 Kh6 34.Kf1 Kg6 
35.Kg1 Kh7 36.Kh1 e5 37.Kg1 Kg6 38.Kf1 h4 39.gxh4 Rh2 40.h5+ Kh7 41.Ra8 
Rxh3 42.a7 Ra3 43.Ke2 Ra2+ 44.Ke3 Ra4 45.Kf2 Ra3 46.Ke2 f5 47.Re8 Ra2+ 48.
Kf3 Ra3+ 49.Ke2 Rxa7 50.Rxe5 g6 51.hxg6+ Kxg6 52.Re3 Kg5 53.Rb3 Kg4 54.Kf2
Ra2+ 55.Kf1 f4 56.Rc3 Rh2 57.Ra3 1/2-1/2

[Event "5th Oakham Young Masters"]
[Site "Oakham ENG"]
[Date "1992.03.29"]
[Round "6"]
[White "Moutousis, Konstantinos"]
[Black "Alexandrov, Alexei"]
[Result "0-1"]
[WhiteElo "2405"]
[BlackElo "2460"]
[EventDate "1992.03.24"]
[PlyCount "84"]
[Source "John Saunders"]

1.e4 e5 2.Nf3 Nc6 3.Bb5 Nf6 4.O-O Nxe4 5.d4 Nd6 6.Bxc6 dxc6 7.dxe5 Nf5 8.
Qxd8+ Kxd8 9.Nc3 Be6 10.h3 Kc8 11.Rd1 h6 12.b3 g5 13.Bb2 Bg7 14.Re1 a5 15.
Rad1 Re8 16.a4 b6 17.Ne4 c5 18.Nf6 Bxf6 19.exf6 Kb7 20.g4 Nd6 21.c4 b5 22.
axb5 a4 23.Nd2 axb3 24.Nxb3 Kb6 25.Nd2 Bxc4 26.Rxe8 Rxe8 27.Nxc4+ Nxc4 28.
Ba1 Kxb5 29.Kg2 Ra8 30.Re1 Ra3 31.Be5 Nxe5 32.Rxe5 Ra6 33.Rf5 Kb4 34.f4 c4
35.fxg5 hxg5 36.h4 gxh4 37.g5 c3 38.g6 fxg6 39.f7 Ra8 40.f8=Q+ Rxf8 41.
Rxf8 c2 42.Rf1 Kb3 0-1

[Event "5th Oakham Young Masters"]
[Site "Oakham ENG"]
[Date "1992.03.29"]
[Round "6"]
[White "Kogan, Artur"]
[Black "Svidler, Peter"]
[Result "0-1"]
[WhiteElo "2370"]
[BlackElo "2465"]
[EventDate "1992.03.24"]
[PlyCount "70"]
[Source "John Saunders"]

1.e4 e5 2.Nf3 Nc6 3.Bc4 Nf6 4.d3 h6 5.O-O d6 6.Re1 g6 7.d4 Qe7 8.Nc3 Bg7 
9.Nd5 Qd8 10.dxe5 dxe5 11.b4 O-O 12.Bb2 Bg4 13.h3 Bxf3 14.Qxf3 Nxd5 15.
exd5 Nd4 16.Qd3 Qd6 17.f4 Qxb4 18.Rab1 e4 19.Rxe4 Nf5 20.Bb3 Qc5+ 21.Kh2 
Bxb2 22.Rxb2 Rae8 23.Ba4 Rxe4 24.Qxe4 Nd6 25.Qd3 Qf2 26.Rb4 a5 27.Qd4 Qf1 
28.Rb3 b5 29.Rf3 Qe2 30.Bb3 a4 31.Bxa4 bxa4 32.Qxa4 Nf5 33.Qa3 Qxc2 34.Qc3
Qxa2 35.Qxc7 Qxd5 0-1

[Event "5th Oakham Young Masters"]
[Site "Oakham ENG"]
[Date "1992.03.29"]
[Round "6"]
[White "Kumaran, Dharshan"]
[Black "Grigore, George-Gabriel"]
[Result "1-0"]
[WhiteElo "2375"]
[BlackElo "2430"]
[EventDate "1992.03.24"]
[PlyCount "129"]
[Source "John Saunders"]

1.d4 Nf6 2.c4 g6 3.Nc3 Bg7 4.e4 d6 5.Bd3 O-O 6.Nge2 e5 7.d5 c5 8.O-O Nh5 
9.Be3 f5 10.exf5 gxf5 11.f4 Nd7 12.Qd2 e4 13.Bc2 Ndf6 14.h3 Bd7 15.a3 Rc8 
16.Ba4 Bxa4 17.Nxa4 Qe8 18.Nac3 a6 19.Rab1 Rf7 20.Rf2 Rfc7 21.g3 Bf8 22.
Rg2 Rg7 23.Nd1 b5 24.Nf2 Qd7 25.Kh2 bxc4 26.g4 Qf7 27.Nc3 Be7 28.gxh5 
Rxg2+ 29.Kxg2 Qxh5 30.Kh2 Kf7 31.Rg1 Rg8 32.Rxg8 Kxg8 33.Qd1 Qh4 34.Qg1+ 
Kf7 35.Qg3 Qh5 36.Kg1 Nd7 37.Qg2 Nf8 38.Nh1 Bf6 39.Ng3 Qg6 40.Kh2 Nd7 41.
Qd2 Be7 42.Qe2 Nb6 43.b4 cxb3 44.Qxa6 Qf6 45.Nge2 Nd7 46.Qb7 Nf8 47.Qxb3 
Ng6 48.Bf2 Qg7 49.Nd1 Qh6 50.Bg3 Qh5 51.Qe3 Bh4 52.Ndc3 Qh6 53.a4 Ne5 54.
Bxh4 Nf3+ 55.Kg2 Nxh4+ 56.Kf1 Nf3 57.Ng1 Nd4 58.Nce2 Qf6 59.a5 Nxe2 60.
Qxe2 Qa1+ 61.Kg2 Qxa5 62.Qh5+ Ke7 63.Qxf5 Qd2+ 64.Kh1 e3 65.Qe6+ 1-0

[Event "5th Oakham Young Masters"]
[Site "Oakham ENG"]
[Date "1992.03.29"]
[Round "6"]
[White "Hall, Jesper"]
[Black "Reinderman, Dimitri"]
[Result "1/2-1/2"]
[WhiteElo "2370"]
[BlackElo "2420"]
[EventDate "1992.03.24"]
[PlyCount "97"]
[Source "John Saunders"]

1.d4 g6 2.e4 d6 3.Nc3 Bg7 4.Nf3 Nf6 5.Be2 O-O 6.O-O Bg4 7.Be3 Nc6 8.d5 
Bxf3 9.Bxf3 Ne5 10.Be2 c6 11.f4 Ned7 12.dxc6 bxc6 13.Bf3 Qc7 14.Qd2 Rfd8 
15.Rad1 Nb6 16.b3 Rac8 17.Qf2 Nfd7 18.Ne2 d5 19.Ng3 e6 20.a4 f5 21.exf5 
exf5 22.a5 Na8 23.Bxa7 Qxa5 24.Bd4 Nc7 25.Rfe1 Bxd4 26.Qxd4 Qc5 27.Ne2 Ne6
28.Qxc5 Ndxc5 29.g3 Kf7 30.Nd4 Ne4 31.c4 Nxd4 32.Rxd4 Rb8 33.cxd5 cxd5 34.
b4 Ke6 35.Red1 Rd6 36.Ra1 Rc8 37.Ra7 Rc1+ 38.Rd1 Rdc6 39.Rxc1 Rxc1+ 40.Kg2
Rc2+ 41.Kg1 Rc1+ 42.Kg2 Rc2+ 43.Kg1 Rb2 44.Rxh7 Rb1+ 45.Kg2 Rb2+ 46.Kg1 
Rxb4 47.Rg7 Kf6 48.Rd7 Ke6 49.Rg7 1/2-1/2

[Event "5th Oakham Young Masters"]
[Site "Oakham ENG"]
[Date "1992.03.29"]
[Round "6"]
[White "Djurhuus, Rune"]
[Black "Volzhin, Alexander"]
[Result "0-1"]
[WhiteElo "2420"]
[BlackElo "2370"]
[EventDate "1992.03.24"]
[PlyCount "70"]
[Source "John Saunders"]

1.d4 d5 2.c4 c6 3.Nf3 e6 4.Nc3 dxc4 5.e3 b5 6.a4 Bb4 7.Bd2 a5 8.Qc2 Nf6 9.
Ne5 O-O 10.Be2 Bb7 11.O-O Qb6 12.f4 Nbd7 13.Rf3 Rad8 14.Rh3 Be7 15.Bf3 b4 
16.Nxc4 Qa6 17.Ne2 Nb6 18.Nxb6 Qxb6 19.Be1 Rc8 20.Bh4 g6 21.Rc1 Rfd8 22.
Bxf6 Bxf6 23.Ng3 b3 24.Qc4 c5 25.dxc5 Ba6 26.cxb6 Rxc4 27.Rb1 Rc2 28.Bd1 
Rxb2 29.Rc1 Bb7 30.Ne2 Rxe2 31.Bxe2 b2 32.Rf1 Be4 33.Rhf3 Rb8 34.R3f2 Rxb6
35.Bf3 b1=Q 0-1

[Event "5th Oakham Young Masters"]
[Site "Oakham ENG"]
[Date "1992.03.29"]
[Round "6"]
[White "Har-Zvi, Ronen"]
[Black "Galliamova, Alisa"]
[Result "1/2-1/2"]
[WhiteElo "2350"]
[BlackElo "2410"]
[EventDate "1992.03.24"]
[PlyCount "118"]
[Source "John Saunders"]

1.c4 e5 2.Nc3 Nc6 3.Nf3 g6 4.d4 exd4 5.Nxd4 Bg7 6.Nc2 f5 7.g3 Ne5 8.Ne3 c6
9.Bg2 d6 10.O-O Be6 11.b3 Nf7 12.Qd2 Nf6 13.Bb2 O-O 14.Nc2 d5 15.cxd5 Nxd5
16.Nd4 Nxc3 17.Qxc3 Bxd4 18.Qxd4 Qxd4 19.Bxd4 Rfd8 20.Rfd1 a5 21.Bc5 Rxd1+
22.Rxd1 a4 23.h3 axb3 24.axb3 Ra2 25.e3 Bxb3 26.Rb1 Ra5 27.Bd4 Ra3 28.Bf1 
b5 29.Bg2 Bc2 30.Rc1 Be4 31.Bxe4 fxe4 32.Rxc6 Ng5 33.Kg2 Rb3 34.h4 Nf3 35.
Re6 Nd2 36.Re8+ Kf7 37.Rh8 Nf3 38.Rxh7+ Ke6 39.Rg7 Rb1 40.Rxg6+ Kd5 41.h5 
Rg1+ 42.Kh3 Rh1+ 43.Kg4 Nxd4 44.exd4 Kxd4 45.Rb6 Kc5 46.Rb8 b4 47.Kg5 Rh2 
48.h6 Kc4 49.Kg6 Rxf2 50.h7 Rh2 51.h8=Q Rxh8 52.Rxh8 e3 53.Kf5 e2 54.Rh1 
Kd3 55.Kf4 Kd2 56.Kf3 e1=Q 57.Rxe1 Kxe1 58.Ke3 Kd1 59.Kd3 Kc1 1/2-1/2

[Event "5th Oakham Young Masters"]
[Site "Oakham ENG"]
[Date "1992.03.29"]
[Round "6"]
[White "Webster, Andrew"]
[Black "Borriss, Martin"]
[Result "0-1"]
[WhiteElo "2350"]
[BlackElo "2395"]
[EventDate "1992.03.24"]
[PlyCount "100"]
[Source "John Saunders"]

1.c4 g6 2.g3 Bg7 3.Bg2 c5 4.e3 Nc6 5.Ne2 d6 6.Nbc3 Nh6 7.h4 e5 8.a3 a5 9.
d3 f5 10.Rb1 O-O 11.Nd5 Ng4 12.Qc2 Nf6 13.Bd2 Nxd5 14.Bxd5+ Kh8 15.h5 g5 
16.h6 Bf6 17.f4 Ne7 18.Nc3 Ng6 19.b4 axb4 20.axb4 cxb4 21.Nb5 Ne7 22.Bxb4 
Nxd5 23.cxd5 Qb6 24.Bxd6 Qxe3+ 25.Qe2 Qxg3+ 26.Kd1 Re8 27.fxe5 f4 28.e6 
Bxe6 29.dxe6 Rxe6 30.Qxe6 Qxd3+ 31.Ke1 Qxb1+ 32.Kf2 Ra2+ 33.Kf3 Qxh1+ 34.
Kg4 Rg2+ 35.Kf5 Qh3+ 36.Kxf6 Qxh6+ 37.Ke7 Qxe6+ 38.Kxe6 Kg7 39.Nd4 Kg6 40.
Nf3 b5 41.Ne5+ Kh5 42.Kf5 Rd2 43.Bb4 Rd5 44.Be1 f3 45.Ke4 Rxe5+ 46.Kxe5 b4
47.Kd4 b3 48.Kc3 Kg4 49.Kxb3 Kh3 50.Kc3 Kg2 0-1

[Event "5th Oakham Young Masters"]
[Site "Oakham ENG"]
[Date "1992.03.29"]
[Round "6"]
[White "Hassabis, Demis"]
[Black "Nielsen, Peter Heine"]
[Result "1-0"]
[WhiteElo "2290"]
[BlackElo "2420"]
[EventDate "1992.03.24"]
[PlyCount "83"]
[Source "John Saunders"]

1.c4 g6 2.e4 Bg7 3.Nc3 d6 4.g3 e5 5.Bg2 c6 6.Nge2 Be6 7.d3 f5 8.O-O Nf6 9.
b3 O-O 10.Ba3 Rf7 11.exf5 Bxf5 12.d4 Na6 13.d5 c5 14.h3 h5 15.f3 h4 16.g4 
Bd7 17.Qc2 g5 18.Qg6 Nh7 19.Ne4 Rf6 20.Nxf6+ Qxf6 21.Qxf6 Bxf6 22.Nc3 Be8 
23.Ne4 Be7 24.Rad1 Bg6 25.Bc1 Kg7 26.a3 Rc8 27.Be3 Nb8 28.Rc1 Nd7 29.Rf2 
Bxe4 30.fxe4 Nhf8 31.Rcf1 Bf6 32.Rf5 Nh7 33.Rb1 b6 34.Bf1 Ndf8 35.b4 Kf7 
36.bxc5 dxc5 37.Rf2 Nd7 38.Bd3 Ke7 39.Bc2 Ndf8 40.a4 Nd7 41.a5 Rc7 42.Ba4 
1-0

[Event "5th Oakham Young Masters"]
[Site "Oakham ENG"]
[Date "1992.03.29"]
[Round "6"]
[White "Hsu Li Yang"]
[Black "Polak, Tomas"]
[Result "0-1"]
[WhiteElo "2290"]
[BlackElo "2410"]
[EventDate "1992.03.24"]
[PlyCount "80"]
[Source "John Saunders"]

1.d4 d5 2.c4 e6 3.Nc3 Nf6 4.Nf3 Be7 5.e3 O-O 6.Bd3 b6 7.O-O Bb7 8.b3 c5 9.
Bb2 Nc6 10.Rc1 cxd4 11.exd4 Rc8 12.Qe2 Nb4 13.Bb1 dxc4 14.bxc4 Bxf3 15.
gxf3 Qxd4 16.Ne4 Qd8 17.Rfd1 Qc7 18.Nxf6+ Bxf6 19.Bxf6 gxf6 20.Bxh7+ Kg7 
21.Rd4 Rh8 22.Rg4+ Kf8 23.Qd2 Qc5 24.Qh6+ Ke7 25.Qg7 Qh5 26.Bg6 Qxh2+ 27.
Kf1 Rcf8 28.Re1 Qh3+ 29.Ke2 Rhg8 30.Qh7 Qxh7 31.Bxh7 Rxg4 32.fxg4 Rc8 33.
Rc1 Rc5 34.a3 Nc6 35.f4 f5 36.g5 Kf8 37.g6 Kg7 38.gxf7 Kxf7 39.Rd1 Rxc4 
40.Rd7+ Kf6 0-1

[Event "5th Oakham Young Masters"]
[Site "Oakham ENG"]
[Date "1992.03.29"]
[Round "6"]
[White "Chabanon, Jean-Luc"]
[Black "Turner, Matthew"]
[Result "1/2-1/2"]
[WhiteElo "2410"]
[BlackElo "2250"]
[EventDate "1992.03.24"]
[PlyCount "209"]
[Source "John Saunders"]

1.d4 Nf6 2.c4 g6 3.Nc3 Bg7 4.e4 d6 5.f3 O-O 6.Be3 e5 7.d5 c6 8.Bd3 cxd5 9.
cxd5 a6 10.Nge2 Nbd7 11.Rc1 b5 12.O-O Bb7 13.a3 Rc8 14.Na2 Qe7 15.Qd2 Rfd8
16.Nec3 Nh5 17.a4 Nf4 18.axb5 Nxd3 19.Qxd3 Nc5 20.Qd1 axb5 21.b4 Nd7 22.
Nxb5 Ra8 23.Nac3 Ba6 24.Rf2 Bxb5 25.Nxb5 Rdb8 26.Na7 Rxa7 27.Bxa7 Rxb4 28.
Rb1 Rxb1 29.Qxb1 Nf8 30.Qb8 Bh6 31.Ra2 Bf4 32.Bf2 Bh6 33.h4 g5 34.Qc8 gxh4
35.Qg4+ Ng6 36.Ra8+ Kg7 37.Ra7 Qf6 38.Rd7 Bg5 39.Kf1 Nf8 40.Rb7 Ng6 41.Bb6
h5 42.Qe6 Qxe6 43.dxe6 Be7 44.Bc7 Nh8 45.Rb6 fxe6 46.Bxd6 Bxd6 47.Rxd6 Kf6
48.Rd7 Ng6 49.Ra7 Nf4 50.Kg1 Kg6 51.Ra1 Kf6 52.Kf2 Nd3+ 53.Ke3 Nf4 54.Rg1 
Kg6 55.Kf2 Nd3+ 56.Kf1 Nf4 57.Rh1 Kg5 58.Kf2 Nd3+ 59.Ke3 Nf4 60.Rh2 Ng6 
61.Rh1 Nf4 62.Kf2 Nd3+ 63.Kg1 Nf4 64.Kh2 Kf6 65.Ra1 Kg5 66.Ra8 Kf6 67.Rb8 
Kg5 68.Rg8+ Kf6 69.Ra8 Kg5 70.Ra5 Kf6 71.Rb5 Ng6 72.Rc5 Nf4 73.Ra5 Ng6 74.
g3 hxg3+ 75.Kxg3 Kf7 76.Kh3 Kf6 77.f4 Nxf4+ 78.Kh4 Ne2 79.Rc5 Nf4 80.Rb5 
Ne2 81.Rb8 Nc3 82.Rb4 Kg6 83.Kg3 Ne2+ 84.Kh4 Nc3 85.Rc4 Ne2 86.Rc5 Kf6 87.
Rc8 Nf4 88.Rg8 Kf7 89.Rg1 Kf6 90.Rg3 Ne2 91.Ra3 Nf4 92.Ra5 Ne2 93.Ra4 Nf4 
94.Kg3 Ne2+ 95.Kf2 Nf4 96.Kf3 Kg6 97.Ra1 Kf6 98.Rg1 Kf7 99.Ke3 Ke7 100.Kd2
Kf6 101.Kc2 Ne2 102.Rf1+ Kg5 103.Kd3 Nf4+ 104.Ke3 Ng2+ 105.Kf3 1/2-1/2

[Event "5th Oakham Young Masters"]
[Site "Oakham ENG"]
[Date "1992.03.29"]
[Round "6"]
[White "Sjodahl, Pontus"]
[Black "Relange, Eloi"]
[Result "1/2-1/2"]
[WhiteElo "2345"]
[BlackElo "2275"]
[EventDate "1992.03.24"]
[PlyCount "71"]
[Source "John Saunders"]

1.d4 e6 2.c4 f5 3.g3 Nf6 4.Bg2 c6 5.Nh3 d5 6.Qc2 Bd6 7.O-O O-O 8.Bf4 Be7 
9.Nd2 h6 10.Bxb8 Rxb8 11.Nf4 Bd6 12.Ng6 Re8 13.Nf3 Nd7 14.cxd5 cxd5 15.
Rfc1 Qf6 16.Nf4 Nb6 17.a4 a5 18.Nd3 Bd7 19.Nfe5 Rec8 20.Qb3 Rxc1+ 21.Rxc1 
Bxe5 22.Nxe5 Qd8 23.Nxd7 Nxd7 24.Rc3 Kh7 25.Qb5 Nf6 26.Qc5 Ne8 27.e3 Nd6 
28.Qc7 Qxc7 29.Rxc7 Rc8 30.Rxc8 Nxc8 31.Kf1 Nd6 32.b3 g5 33.Ke2 Kg6 34.f3 
h5 35.Kf2 Kf6 36.Ke2 1/2-1/2

[Event "5th Oakham Young Masters"]
[Site "Oakham ENG"]
[Date "1992.03.29"]
[Round "6"]
[White "Waitzkin, Joshua"]
[Black "Cullip, Stephen"]
[Result "1/2-1/2"]
[WhiteElo "2290"]
[BlackElo "2320"]
[EventDate "1992.03.24"]
[PlyCount "116"]
[Source "John Saunders"]

1.e4 c5 2.Nf3 e6 3.d4 cxd4 4.Nxd4 a6 5.Nc3 Qc7 6.g3 Nf6 7.Bg2 Be7 8.O-O d6
9.f4 O-O 10.g4 h6 11.g5 hxg5 12.fxg5 Nfd7 13.Qh5 Qc5 14.Be3 g6 15.Qh4 Qe5 
16.Nf3 Qh8 17.Qg3 Nc6 18.Rad1 Nde5 19.Nxe5 dxe5 20.Rd2 Nd4 21.Nd1 Qh5 22.
Qxe5 Nc6 23.Qg3 e5 24.Nc3 Qg4 25.Qxg4 Bxg4 26.Nd5 Bd8 27.Rdf2 Be6 28.h4 
Kg7 29.Kh2 Rc8 30.Bh3 Bxh3 31.Kxh3 Nd4 32.Bxd4 exd4 33.Rd1 f6 34.gxf6+ 
Bxf6 35.Rdf1 d3 36.cxd3 Bxb2 37.Rxf8 Rxf8 38.Rxf8 Kxf8 39.Kg4 Kf7 40.Kf4 
Ke6 41.Kg5 Kf7 42.Nf4 Bf6+ 43.Kg4 b5 44.Ne2 a5 45.d4 b4 46.e5 Bd8 47.d5 a4
48.Nc1 Be7 49.h5 gxh5+ 50.Kxh5 Bc5 51.Kg4 Be3 52.Nd3 b3 53.axb3 axb3 54.
Kf5 Bd4 55.d6 b2 56.e6+ Ke8 57.Nxb2 Bxb2 58.e7 Kf7 1/2-1/2

[Event "5th Oakham Young Masters"]
[Site "Oakham ENG"]
[Date "1992.03.29"]
[Round "6"]
[White "Ong Chong Ghee"]
[Black "Livshits, Ron"]
[Result "1-0"]
[WhiteElo "2205"]
[BlackElo "2310"]
[EventDate "1992.03.24"]
[PlyCount "63"]
[Source "John Saunders"]

1.c4 Nf6 2.Nc3 g6 3.g3 Bg7 4.Bg2 O-O 5.e4 d6 6.Nge2 c5 7.O-O Nc6 8.d3 Rb8 
9.Rb1 a6 10.a4 Bd7 11.h3 Ne8 12.Be3 Nc7 13.d4 cxd4 14.Nxd4 Re8 15.f4 Qc8 
16.Kh2 Na5 17.b3 b5 18.axb5 axb5 19.Qe2 bxc4 20.b4 Nb3 21.Nxb3 Bxc3 22.
Qxc4 Nb5 23.Qd3 Be6 24.Na5 Qa6 25.Rbc1 Rec8 26.Bd2 Bd4 27.f5 Bd7 28.Qb3 e6
29.Bh6 Rxc1 30.Rxc1 Rc8 31.Rf1 Rc3 32.fxe6 1-0

[Event "5th Oakham Young Masters"]
[Site "Oakham ENG"]
[Date "1992.03.29"]
[Round "6"]
[White "Piper, Matthew"]
[Black "Buckley, Graeme"]
[Result "0-1"]
[WhiteElo "2275"]
[BlackElo "2205"]
[EventDate "1992.03.24"]
[PlyCount "76"]
[Source "John Saunders"]

1.e4 c5 2.Nf3 d6 3.d4 cxd4 4.Nxd4 Nf6 5.Nc3 e6 6.Be3 Be7 7.f3 a6 8.Qd2 Nc6
9.g4 Nxd4 10.Bxd4 O-O 11.O-O-O Nd7 12.h4 b5 13.g5 b4 14.Na4 Rb8 15.Rg1 Qc7
16.Be2 Nc5 17.Nxc5 dxc5 18.Bf2 c4 19.Qd4 c3 20.Bg3 Qa5 21.Bxb8 Qxa2 22.
bxc3 Qa3+ 23.Kd2 Rd8 24.Qxd8+ Bxd8 25.Be5 bxc3+ 26.Bxc3 Bc7 27.Rg4 e5 28.
Rg2 g6 29.Ra1 Qd6+ 30.Bd3 Bb6 31.h5 Bd4 32.Bxd4 exd4 33.hxg6 Qf4+ 34.Kd1 
Qxf3+ 35.Re2 Qf1+ 36.Re1 Bg4+ 37.Be2 Bxe2+ 38.Kd2 Qf3 0-1

[Event "5th Oakham Young Masters"]
[Site "Oakham ENG"]
[Date "1992.03.29"]
[Round "6"]
[White "Le Quang Kim"]
[Black "Beckett, Roger"]
[Result "1-0"]
[WhiteElo "2250"]
[BlackElo "2205"]
[EventDate "1992.03.24"]
[PlyCount "53"]
[Source "John Saunders"]

1.e4 c5 2.Nf3 e6 3.d4 cxd4 4.Nxd4 a6 5.Bd3 Nf6 6.O-O Qc7 7.Qe2 Nc6 8.Nxc6 
dxc6 9.Be3 h5 10.h3 e5 11.Nd2 c5 12.a4 Bd7 13.a5 Bc6 14.f4 Nd7 15.Bc4 f6 
16.f5 Be7 17.Bf2 Nf8 18.Nb1 g6 19.Rd1 gxf5 20.exf5 Bd6 21.Bh4 Qe7 22.Nc3 
O-O-O 23.Bd5 Be8 24.Ra3 Rd7 25.Ne4 Nh7 26.Be6 Bc7 27.Rad3 1-0

[Event "5th Oakham Young Masters"]
[Site "Oakham ENG"]
[Date "1992.03.30"]
[Round "7"]
[White "Borriss, Martin"]
[Black "Ulybin, Mikhail"]
[Result "0-1"]
[WhiteElo "2395"]
[BlackElo "2585"]
[EventDate "1992.03.24"]
[PlyCount "122"]
[Source "John Saunders"]

1.e4 e6 2.d4 d5 3.Nc3 Nf6 4.Bg5 Be7 5.e5 Nfd7 6.Bxe7 Qxe7 7.Qd2 O-O 8.f4 
c5 9.Nf3 Nc6 10.dxc5 Qxc5 11.O-O-O Nb6 12.Bd3 Bd7 13.Kb1 ( 13.Bxh7+ Kxh7 
14.Ng5+ Kg8 15.Qd3 Rfe8 ( 15...Rfc8 $5 {Kortschnoj} ) 16.Qh7+ Kf8 17.Rhe1 
( 17.Qh8+ $6 Ke7 18.Qxg7 Qe3+ 19.Kb1 Qxf4 20.Rhf1 Rg8 $19 {Kortschnoj} ) 
17...Nc4 $5 ( 17...Qb4 {Van der Wiel-Kortschnoj/Amsterdam/1991/CBM 23/VC} 
) 18.Qh8+ Ke7 19.Qh4 Rh8 20.Nh7+ f6 21.exf6+ Kd8 22.fxg7+ Kc7 23.gxh8=Q {
Nielsen-Ulibin/Mamaia wch-J/1991} ) 13...Rac8 14.h4 $6 ( 14.Bxh7+ $5 ) 
14...Na5 $15 15.Nd4 $6 Nac4 $17 16.Bxc4 Nxc4 17.Qd3 Qb4 18.Nb3 a5 19.a3 
Nxa3+ 20.bxa3 Qxc3 21.Qxc3 Rxc3 22.Rd3 Rc4 23.g3 b6 24.Nd4 Rfc8 25.Kb2 b5 
26.Rhd1 b4 27.axb4 Rxb4+ 28.Rb3 Rcc4 29.Rxb4 Rxb4+ 30.Kc3 f6 31.Re1 Kf7 
32.f5 Rc4+ 33.Kd3 exf5 34.e6+ Bxe6 35.Nxe6 Re4 36.Nd8+ Ke7 37.Ra1 Kxd8 38.
Rxa5 Ke7 39.Rxd5 Ke6 40.Rd8 Rg4 41.Re8+ Kf7 42.Re3 f4 43.gxf4 Rxf4 44.Rh3 
h5 45.c4 Ke6 46.Kc3 Kd6 47.Kb4 Kc6 48.Ra3 Rxh4 49.Ra6+ Kb7 50.Re6 Rg4 51.
Kb5 Kc7 52.c5 h4 53.Re7+ Kd8 54.Ra7 h3 55.Kc6 h2 56.Ra8+ Ke7 57.Rh8 Rg2 
58.Kc7 g5 59.c6 g4 60.Rh7+ Ke6 61.Kd8 g3 0-1